000 003150000a22001570004500
005 20120302062545.0
942 _cBOOK
100 _a JAGANNATH RAY
245 _a BHAMINI VILAS
300 _a70 P.
040 _aS/E
650 _aSANSKRUT SAHITYA
650 _a KAVYA
650 _a BHAMINI
650 _a VILAS
999 _c357045
_d357042